000 00884cab a2200265 4500
001 WB3510-24
008 090401t1999 xxu||||| |||| 00| 0 eng d
035 _a(Sirsi) u91983
041 _aeng
245 _aDictating the economy
260 _c1999
350 _a0
490 _aIndependent
_v8 March 1999, 2:11(1)
520 _aCall centres based in out-of-the-way places can take advantage of cheap communications and an under-employed labour pool with no disadvantage to their service. TSC's centre in Rothesay, Isle of Bute is able to provide 'virtual secretaries' to nurses in New York.
650 _aCALL CENTRES
650 _aDIGITAL NETWORKS
650 _aINTERNET
650 _aISLE OF BUTE
650 _aRURAL ECONOMY
650 _aSCOTLAND
650 _aTELECOMMUNICATIONS NETWORKS
690 _aECONOMIC AND SOCIAL
942 _n0
948 _c11/03/1999
999 _c58326
_d58326